000 03348nam a2200337 a 4500
001 000000460
003 DO-SdBNP
005 20230704095001.0
008 081112s2007 dr 000 p spa d
020 _a9789945861310
040 _aBPMSU
_bspa
_cBPMSU
082 4 _aRD861.44
_bN789p 2007
_222
100 1 _aNolasco, Flérida de,
_d1891-1976
245 1 3 _aLa poesía folklórica en Santo Domingo /
_cFlérida de Nolasco.
250 _a2a ed.
260 _aSanto Domingo :
_bEditora Búho,
_c2007.
300 _a374 p. ;
_c22 cm.
490 0 _aBibliófilos 2000,
_v20
500 _aIncluye referencias bibliográficas y notas al pie de las páginas.
505 0 _tPresentación --
_tIntroducción --
_tLiminar --
_tRimas tradicionales en la región del sur --
_gProvincia de Azua --
_tDe amor --
_tDe amor en sentimiento --
_tDe amor en fantasía --
_tPor fantasía --
_tPor argumento --
_gSección de Pueblo Viejo --
_tDe amor en sentimiento --
_gProvincia de Barahona --
_gSección de pesquería --
_tDe amor en sentimiento --
_tPor fantasía --
_tPor argumento --
_gSierra de Bahoruco --
_tCoplas romanceadas --
_gDe el arroyo --
_tCoplas --
_gCabral --
_tPor argumento --
_tCoplas --
_gSección Las Salinas --
_tDe amor --
_tPor argumento --
_tCoplas romanceadas --
_gEnriquillo --
_tDe amor --
_tDe amor por fantasía --
_tEn desafío --
_tPor argumento --
_tA lo divino --
_tDe argumento a lo divino --
_tCoplas romanceadas --
_tCoplas --
_gSección Naranjal --
_tDe amor --
_gSección Trujín (Oviedo) --
_tDe amor en sentimiento --
_tDe amor por fantasía --
_tPor fantasía --
_tA lo divino --
_tCoplas --
_gDistrito de Paraíso --
_tDe amor --
_tDe amor en sentimiento --
_tDe amor por fantasía --
_tVariante en Argentina --
_tPor fantasía --
_tEn desafío --
_tPor argumento --
_tA lo divino --
_tCoplas --
_tCoplas romanceadas --
_gProvincia de Bahoruco, Neiba --
_tDe amor --
_tVariante (recogida en Enriquillo) --
_tDe amor en sentimiento --
_tPor argumento --
_tCoplas --
_gDuvergé --
_tCoplas --
_tCantar de plena --
_gProvincia Benefactor San Juan de la Maguana --
_tDe amor --
_tPor fantasía --
_tEn desafío a lo divino --
_tPor argumento --
_tEn argumento mayor --
_tA lo divino --
_tCoplas --
_gLas Matas de Farfán --
_tDe amor --
_tDe amor en sentimiento --
_tDe amor por fantasía --
_tPor argumento --
_tEn desafío --
_tEn desafío a lo divino --
_tCoplas --
_tCoplas romanceadas --
_tCantares de plena --
_gProvincia Trujillo Valdez, Baní --
_tDe amor --
_tDe amor en sentimiento --
_tPor fantasía --
_tPor argumento --
_tCoplas
_gSección de Boca Canasta --
_tCoplas --
_gSan Cristobal
_tCoplas --
505 0 _gDistrito de Santo Domingo, Campos Aledaños --
_tCoplas --
_gProvincia del Seibo --
_tPor fantasía --
_tLeyenda --
_tPor argumento
_gHigüey --
_tDe amor
_tDe amor por fantasía --
_tCoplas --
_tRomances tradicionales --
_tEl romance de el niño --
_tRomancillos de nochebueno --
_tOtros romanances --
_tLa utopía de lo autóctono --
_tTradiciones entre casa --
_tPor qué no tenemos folklore negro --
_tJuicios críticos --
_tMurió el toro que pitaba
_gSección de Boca Canasta --
590 _6Inventariado, 2023/VM
650 4 _aPoesía dominicana
650 4 _aFolclor
650 4 _aLiteratura folclórica
650 4 _aLiteratura dominicana
700 1 _aOlivo Álvarez, Sócrates,
_eed.
830 0 _aBibliófilos 2000
_v20
910 _aVMateo V. Control de calidad (BPMSU)
942 _2ddc
_cBK
999 _c14394
_d14394